00596nam a22002177a 45000010005000000030009000050050017000140070005000310080028000360400022000640820024000861000030001102450047001402500012001872600054001993000021002534900027002746500024003016500026003258300027003510150DO-SdBNP20180214082843.00150151005b1971 dr 00| 0 spa d aBPMSUbspacBPMSU 4aRD863.3bP418c,19711 aPenson, César Nicolás10aCosas añejas /cCésar Nicolás Penson a2a. ed.0 aSanto Domingo :bPublicaciones América, c1971. a228 p. :c23 cm.1 aBreviarios Dominicanos 4aCUENTOS DOMINICANOS 4aLITERATURA DOMINICANA 0aBreviarios Dominicanos